| 000 | 01185nam a22003497a 4500 | ||
|---|---|---|---|
| 003 | CHAP | ||
| 005 | 20220329135644.0 | ||
| 008 | 971013s1962 r 00010 d | ||
| 010 | _a40027 | ||
| 011 | _a40999 | ||
| 035 | _a45125 | ||
| 040 | _cCHAP | ||
| 090 | _aTesis | ||
| 100 | 0 | 0 |
_aMorales Arévalo, Carlos. _978213 |
| 245 | _aEscases de durmients en los ferrocarriles de México y su posible solución | ||
| 260 |
_aChapingo, Méx. : _bEl autor, _c1962 |
||
| 502 | _aTesis (Ing. Agr. Esp. en Bosques) -- ENA. Departamento de Bosques | ||
| 590 |
_aALEPH _b10 _c20130110 _lUCH01 _h1308 |
||
| 590 |
_aBATCH-UPD _b10 _c20130110 _lUCH01 _h0230 |
||
| 590 |
_aBATCH-UPD _b10 _c20130110 _lUCH01 _h1609 |
||
| 590 |
_aBATCH-UPD _b10 _c20130410 _lUCH01 _h1616 |
||
| 590 |
_aBATCH-UPD _b10 _c20130914 _lUCH01 _h1224 |
||
| 590 |
_aCONVERSION _b10 _c20130109 _lUCH01 _h1322 |
||
| 650 | 1 | 4 |
_aDurmientes. _934661 |
| 650 | 1 | 4 |
_aMadera _xPropiedades y usos. _969621 |
| 901 | _aBK | ||
| 942 | _cFOLL | ||
| 949 |
_bBC _cTES _d-103260 _eTS1 _i45125 _si |
||
| 949 |
_bBC _cTES _d-103261 _eTS2 _fc.2 _i45125 _si |
||
| 949 |
_bBC _cTES _d-103263 _eTS2 _fc.3 _i45125 _si |
||
| 949 |
_bBC _cTES _d-103265 _eTS2 _fc.4 _i45125 _si |
||
| 999 |
_c40027 _d40027 |
||